Fundamentos de la via de hecho judicial por error interpretativo en la jurisprudencia constitucional de tutela en Colombia

Detalles Bibliográficos
Autor principal: Chaves Bravo, Jhon Erick
Formato: eBook
Lenguaje:español
Publicado: Colombia : Universidad Nacional de Colombia, 2011.
Materias:
Acceso en línea:Acceso restringido

MARC

LEADER 00000nam a22000007a 4500
005 20110902140552.0
008 110902t2011 ck ||||s|||| 00| 0 spa d
035 |a 5623 
040 |a vLex 
090 |c 2357  |d 2357 
100 1 |a Chaves Bravo, Jhon Erick 
245 1 0 |a Fundamentos de la via de hecho judicial por error interpretativo en la jurisprudencia constitucional de tutela en Colombia  |h [Recurso electrn̤ico] /  |c Jhon Erick Chaves Bravo  
256 |a Servicio en ln̕ea. 
260 |a Colombia :  |b Universidad Nacional de Colombia,  |c 2011. 
300 |a 1 recurso electrn̤ico 
506 1 |a Contenido solo disponible en los productos indicados  |d vLex Global  |d vLex Global (Academic Edition, excluding Law Schools)  |d vLex Global (U.S. Academic Edition, Law Schools)  |d vLex Global (U.S. Academic Edition, excluding Law Schools)  |d vLex Global (Academic Edition, Law Schools) 
650 0 4 |a Jurisprudencia  |z Colombia 
740 0 |a vLex Libros (Servicio en ln̕ea) 
856 4 0 |u http://vlex.com/source/fundamentos-via-hecho-judicial-error-interpretativo-jurisprudencia-constitucional-tutela-colombia-5623  |z Acceso restringido 
942 |c BOOK